Detalles MARC
| 000 -CABECERA |
| campo de control de longitud fija |
01305nam a2200301 i 4500 |
| 001 - NÚMERO DE CONTROL |
| campo de control |
000044846 |
| 003 - IDENTIFICADOR DEL NÚMERO DE CONTROL |
| campo de control |
DO-SdBNP |
| 005 - FECHA Y HORA DE LA ÚLTIMA TRANSACCIÓN |
| campo de control |
20240404160652.0 |
| 007 - CAMPO FIJO DE DESCRIPCIÓN FÍSICA--INFORMACIÓN GENERAL |
| campo de control de longitud fija |
ta |
| 008 - DATOS DE LONGITUD FIJA--INFORMACIÓN GENERAL |
| campo de control de longitud fija |
240404s201u dr ac 000 0 spa d |
| 040 ## - FUENTE DE LA CATALOGACIÓN |
| Centro catalogador/agencia de origen |
DO-SdBNP |
| Lengua de catalogación |
spa |
| Centro/agencia transcriptor |
BNPHU |
| Normas de descripción |
rda |
| 082 ## - NÚMERO DE LA CLASIFICACIÓN DECIMAL DEWEY |
| Número de edición |
22 |
| Número de documento/Ítem |
G943 |
| 245 00 - MENCIÓN DE TÍTULO |
| Título |
Guía para Orientar el Aprendizaje de Personas Jóvenes y Adultas. / |
| Mención de responsabilidad, etc. |
producción María del Jesús de la Rosa, Basilia Rodríguez, Nicolás Guevara, Míriam Camilo y Julia Bayona ; fotografías George Phipps |
| 264 ## - PRODUCCIÓN, PUBLICACIÓN, DISTRIBUCIÓN, FABRICACIÓN Y COPYRIGHT |
| Producción, publicación, distribución, fabricación y copyright |
Santo Domingo : |
| Nombre del de productor, editor, distribuidor, fabricante |
Ministerio de Educación, |
| -- |
Ministerio de la Presidencia, |
| -- |
Ministerio de Educación Superior Ciencia y Tecnología, |
| Fecha de producción, publicación, distribución, fabricación o copyright |
[201-]. |
| 300 ## - DESCRIPCIÓN FÍSICA |
| Extensión |
90 páginas |
| Otras características físicas |
ilustraciones, retratos |
| Dimensiones |
24 cm. |
| 336 ## - TIPO DE CONTENIDO |
| Fuente |
rdacontent |
| Término de tipo de contenido |
texto |
| Código de tipo de contenido |
txt |
| 337 ## - TIPO DE MEDIO |
| Fuente |
rdamedia |
| Nombre/término del tipo de medio |
sin mediación |
| Código del tipo de medio |
n |
| 338 ## - TIPO DE SOPORTE |
| Fuente |
rdacarrier |
| Nombre/término del tipo de soporte |
volumen |
| Código del tipo de soporte |
nc |
| 590 ## - NOTA LOCAL (RLIN) |
| Nota local |
Inventariado, 2024/ YL |
| 700 1# - PUNTO DE ACCESO ADICIONAL--NOMBRE DE PERSONA |
| Nombre de persona |
Jesús de la Rosa, María del |
| Término indicativo de función/relación |
producción |
| 9 (RLIN) |
29833 |
| 700 1# - PUNTO DE ACCESO ADICIONAL--NOMBRE DE PERSONA |
| Nombre de persona |
Rodríguez, Basilia |
| Término indicativo de función/relación |
producción |
| 9 (RLIN) |
83859 |
| 700 1# - PUNTO DE ACCESO ADICIONAL--NOMBRE DE PERSONA |
| Nombre de persona |
Guevara, Nicolás |
| Término indicativo de función/relación |
producción |
| 9 (RLIN) |
22224 |
| 700 1# - PUNTO DE ACCESO ADICIONAL--NOMBRE DE PERSONA |
| Nombre de persona |
Camilo, Míriam |
| Término indicativo de función/relación |
producción |
| 9 (RLIN) |
75344 |
| 700 1# - PUNTO DE ACCESO ADICIONAL--NOMBRE DE PERSONA |
| Nombre de persona |
Bayona, Julia |
| Término indicativo de función/relación |
producción |
| 9 (RLIN) |
85132 |
| 710 1# - PUNTO DE ACCESO ADICIONAL--NOMBRE DE ENTIDAD CORPORATIVA |
| Nombre de entidad corporativa o nombre de jurisdicción como elemento de entrada |
Quisqueya aprende contigo |
| Unidad subordinada |
Plan Nacional de Alfabetización (República Dominicana) |
| 9 (RLIN) |
72862 |
| 910 ## - DATOS DE OPCIÓN DEL USUARIO (OCLC) |
| Datos de opción del usuario |
YLockward |
| 942 ## - ELEMENTOS DE PUNTO DE ACCESO ADICIONAL (KOHA) |
| Fuente del sistema de clasificación o colocación |
Dewey Decimal Classification |
| Tipo de ítem Koha |
Libro |